[Event "London Menchik Memorial Blitz op 3rd"]
[Site "London"]
[Date "2024.09.03"]
[Round "9"]
[White "Ewart, Thomas"]
[Black "Sahdev, Varun"]
[Result "0-1"]
[WhiteElo "1704"]
[BlackElo "1654"]
[PlyCount "65"]
[EventDate "2024.09.03"]
[EventType "swiss (blitz)"]
[EventRounds "14"]
[EventCountry "ENG"]
[SourceTitle "EXT 2025"]
[Source "ChessBase"]
[SourceDate "2024.10.14"]
[SourceVersion "1"]
[SourceVersionDate "2024.10.14"]
[SourceQuality "1"]

1. e4 d6 2. d4 g6 3. Nc3 Bg7 4. Nf3 Nf6 5. Bc4 0-0 6. 0-0 Nbd7 7. Ng5 h6 8. Nf3 e5 9. dxe5 Nxe5 10. Nxe5 dxe5 11. Qxd8 Rxd8 12. f4 exf4 13. Bxf4 c6 14. Bxh6 b5 15. Bxg7 Kxg7 16. Bb3 b4 17. Ne2 a5 18. e5 Nd5 19. Nf4 a4 20. Bc4 Ne3 21. Rfe1 Nxc4 22. b3 axb3 23. axb3 Rxa1 24. Rxa1 Na3 25. c3 c5 26. Rc1 c4 27. Re1 cxb3 28. Re2 bxc3 29. e6 Bxe6 30. Nxe6+ fxe6 31. Rxe6 c2 32. Re7+ Kf6 33. Rc7 0-1

[Event "London Menchik Memorial Blitz op 3rd"]
[Site "London"]
[Date "2024.09.03"]
[Round "1"]
[White "Mokhber Garcia, Sebastian"]
[Black "Sahdev, Varun"]
[Result "1-0"]
[WhiteElo "1945"]
[BlackElo "1654"]
[PlyCount "59"]
[EventDate "2024.09.03"]
[EventType "swiss (blitz)"]
[EventRounds "14"]
[EventCountry "ENG"]
[SourceTitle "EXT 2025"]
[Source "ChessBase"]
[SourceDate "2024.10.14"]
[SourceVersion "1"]
[SourceVersionDate "2024.10.14"]
[SourceQuality "1"]

1. e4 c6 2. d4 d5 3. e5 Bf5 4. g4 Bg6 5. h4 h5 6. e6 Nf6 7. g5 Ne4 8. exf7+ Bxf7 9. Nd2 Nxd2 10. Bxd2 g6 11. f4 Bg7 12. Nf3 Be6 13. Bd3 Bg4 14. Bxg6+ Kd7 15. Qe2 e6 16. Ne5+ Bxe5 17. Qxe5 Qe7 18. Qxh8 Bf5 19. Bxf5 exf5+ 20. Qe5 Qf7 21. Bb4 Na6 22. Qd6+ Kc8 23. 0-0-0 Nxb4 24. Qxb4 a5 25. Qd6 Ra6 26. Rhe1 c5 27. Qxc5+ Rc6 28. Qxa5 b6 29. Qa8+ Kc7 30. Qa7+ 1-0

[Event "London Menchik Memorial Blitz op 3rd"]
[Site "London"]
[Date "2024.09.03"]
[Round "2"]
[White "Sahdev, Varun"]
[Black "Mokhber Garcia, Sebastian"]
[Result "0-1"]
[WhiteElo "1654"]
[BlackElo "1945"]
[PlyCount "66"]
[EventDate "2024.09.03"]
[EventType "swiss (blitz)"]
[EventRounds "14"]
[EventCountry "ENG"]
[SourceTitle "EXT 2025"]
[Source "ChessBase"]
[SourceDate "2024.10.14"]
[SourceVersion "1"]
[SourceVersionDate "2024.10.14"]
[SourceQuality "1"]

1. e4 e5 2. f4 d5 3. exd5 exf4 4. Nf3 Qxd5 5. Nc3 Qh5 6. Be2 Bg4 7. 0-0 Nc6 8. d4 0-0-0 9. d5 Bc5+ 10. Kh1 Nf6 11. Bxf4 Nxd5 12. Nxd5 Rxd5 13. Bd3 Bd6 14. Qd2 Bf5 15. Bxd6 Bxd3 16. cxd3 Rxd6 17. Rad1 f6 18. d4 Rhd8 19. Qf4 Qd5 20. Qg3 g6 21. b4 Nxb4 22. Rb1 Nc6 23. Rfc1 f5 24. Rc5 Qe4 25. Rbc1 Rd5 26. R5c2 f4 27. Qh3+ R8d7 28. Ng5 Qxd4 29. Qf3 a6 30. Ne6 Qe5 31. Nc5 R7d6 32. Qh3+ Kb8 33. Qxh7 Rd1+ 0-1

[Event "London Menchik Memorial Blitz op 3rd"]
[Site "London"]
[Date "2024.09.03"]
[Round "14"]
[White "Sahdev, Varun"]
[Black "Zadvorny, Roman"]
[Result "1-0"]
[WhiteElo "1654"]
[BlackElo "1894"]
[PlyCount "77"]
[EventDate "2024.09.03"]
[EventType "swiss (blitz)"]
[EventRounds "14"]
[EventCountry "ENG"]
[SourceTitle "EXT 2025"]
[Source "ChessBase"]
[SourceDate "2024.10.14"]
[SourceVersion "1"]
[SourceVersionDate "2024.10.14"]
[SourceQuality "1"]

1. e4 d6 2. d4 g6 3. Nc3 Bg7 4. Be3 Nf6 5. f3 0-0 6. h4 h5 7. Qd2 e5 8. d5 c6 9. 0-0-0 cxd5 10. Nxd5 Nxd5 11. Qxd5 Be6 12. Qxd6 Qa5 13. a3 Nc6 14. Qc5 Qc7 15. Qd6 Qa5 16. Qc5 Qc7 17. f4 Rad8 18. Rxd8 Rxd8 19. Nf3 Bf8 20. Qc3 exf4 21. Bd4 Nxd4 22. Qxc7 Rc8 23. Qxc8 Bxc8 24. Nxd4 Bg7 25. c3 f5 26. Bc4+ Kh7 27. exf5 a6 28. fxg6+ Kh6 29. Rf1 b5 30. Bd3 a5 31. Rxf4 b4 32. axb4 axb4 33. Nf5+ Kxg6 34. Ne7+ Kh6 35. Nxc8 bxc3 36. bxc3 Bh8 37. Ne7 Bxc3 38. Rf7 Bg7 39. Ng8# 1-0